000 00276nam a22001217a 4500
008 181126b xxu||||| |||| 00| 0 eng d
041 _aeng
080 _a615
100 _a5
101 _aFAR
245 _aPharmacology Drug Therapy In Nursing
_cSmith.R
942 _2udc
_cBK
999 _c52478
_d52478